[Event "EU-chT (Men) 18th"]
[Site "Porto Carras"]
[Date "2011.11.07"]
[Round "5.1"]
[White "Lupulescu, Constantin"]
[Black "Giri, Anish"]
[Result "1/2-1/2"]
[WhiteElo "2657"]
[BlackElo "2714"]
[PlyCount "38"]
[EventDate "2011.11.03"]
[EventType "team-swiss"]
[EventRounds "9"]
[EventCountry "GRE"]
[SourceTitle "CBM 146"]
[Source "ChessBase"]
[SourceDate "2012.01.18"]
[SourceVersion "1"]
[SourceVersionDate "2012.01.18"]
[SourceQuality "1"]
[WhiteTeam "Romania"]
[BlackTeam "Netherlands"]
[WhiteTeamCountry "ROU"]
[BlackTeamCountry "NED"]

1. d4 {Stohl,Igor} d5 2. c4 e6 3. Nc3 Be7 4. cxd5 exd5 5. Bf4 c6 6. Qc2 ({RR} 6. e3 Bf5 7. g4 ({RR} 7. Nge2) ({RR} 7. Bd3 Bxd3 8. Qxd3 Nf6 9. Nge2 Nh5 10. Bxb8 Rxb8 11. f3 O-O 12. O-O f5 13. a3 a6 14. b4 Qd7 15. Rae1 Rbe8 16. Nc1 a5 17. bxa5 Bxa3 18. Nxd5 Bxc1 19. Nb6 Qe6 20. Rxc1 Qxe3+ 21. Qxe3 Rxe3) 7... Be6 8. h4 Nd7 9. g5 ({RR} 9. h5) ({RR} 9. Bg3) 9... h6 10. g6 Ngf6 ({RR} 10... fxg6 11. Bd3 Nf8 ({RR} 11... Bf7 12. Qc2 Nf8 13. Nf3) 12. Nf3 Bf5 13. Ne5 Nf6 14. Rg1 Ne4 ({RR} 14... Rg8) 15. Bxe4 Bxe4 ({RR} 15... dxe4 16. Qb3) 16. Nxe4 dxe4 17. Qb3 Qa5+ 18. Kf1 ({RR} 18. Ke2 Qa6+ 19. Kd1) 18... Qb5+ 19. Qxb5 cxb5 20. Rc1 Bxh4 21. Bh2 Bd8 ({RR} 21... h5 22. Rc7) 22. Rg4 Nd7 23. Rxg6 Bf6 24. Rc7 Nf8 25. Rg4) 11. gxf7+ Bxf7 12. Bd3 ({RR} 12. Nf3 Nh5) 12... Nh5 13. Be5 O-O 14. Qg4 Nhf6 15. Qg3 Nh5 16. Qg2 Nxe5 17. dxe5 Bb4 18. Nf3 d4 19. Nxd4 Nf4 20. exf4 Qxd4) 6... Nf6 7. h3 ({RR} 7. e3 Nh5 8. Be5 ({RR} 8. Bg3 Nd7 9. Bd3 g6 10. Nf3 O-O 11. Rb1 a5 12. a3 Re8 ({RR} 12... Nxg3 13. hxg3 Nf6) 13. Nxd5 cxd5 14. Bc7) 8... Nd7 9. Be2 ({RR} 9. Nf3 Nxe5 10. Nxe5 g6 11. Bd3 Ng7 12. O-O-O Bf5 13. g4 Bxd3 14. Nxd3 Qd7 15. h3 O-O-O 16. Kb1 Kb8 17. Rc1 Bd6 18. Na4 f5 19. Nac5 Qe7 20. gxf5 Nxf5 21. Qb3 Rhf8) 9... Nxe5 10. dxe5 g6 11. Bxh5 gxh5 12. O-O-O ({RR} 12. Nf3 f6 13. O-O ({RR} 13. e4 d4 14. exf6 Bxf6 15. O-O-O) 13... Bg4 14. exf6 Bxf6 15. Nd4 O-O 16. f3 Bd7 17. Rad1 Rc8 ({RR} 17... Qe7 18. Rfe1 Qg7) 18. Rfe1 Bg7 19. e4 c5 20. Nf5 Bxf5 21. exf5 d4 22. Qe4 ({RR} 22. Qb3+) 22... Qd7 23. g4 Rfe8 24. Qd5+ Qxd5 25. Nxd5 Rxe1+ 26. Rxe1 Rd8) ({RR} 12. Rd1 f6 13. exf6 Bxf6 14. Nge2 O-O ({RR} 14... Qe7 15. e4 d4 16. Nxd4 Qg7 17. Nde2 ({RR} 17. Nce2 Qxg2 18. Rg1 Qxh2 19. Qb3 Rf8 20. Ne6) 17... Qxg2 18. Rg1 Qxh2 19. Qb3 Rf8 20. f4 Bg4 21. Rxg4 hxg4 22. Qe6+ Be7 23. Rd7 Qh4+ 24. Kf1 Rf7 25. Rxb7 Kf8 26. Qxc6 Rd8) 15. O-O ({RR} 15. e4 Qb6 ({RR} 15... Bg4)) 15... Qe8 16. e4 dxe4 ({RR} 16... Qg6) 17. Nxe4 Bg7 18. N2c3 ({RR} 18. N2g3) 18... Bf5 19. Qb3+ Qe6 20. Qxe6+ Bxe6 21. Rd6 Rae8 22. Re1 b5 23. a3 a5 24. h4 b4 25. axb4 axb4 26. Na4 Bd5)) ({RR} 7. Nf3 g6 8. e3 Bf5 9. Bd3 Bxd3 10. Qxd3 Nbd7 11. O-O O-O 12. h3 Re8 13. Rab1 a5 14. Rfc1 Nb6 ({RR} 14... Bf8) 15. Nd2 Nh5 16. Bh2 Bd6 17. Bxd6 Qxd6 18. a3 Nf6 19. b4 Nfd7 20. bxa5 Rxa5 21. a4 Ra7) 7... Qa5 ({RR} 7... g6 8. e3 Bf5 9. Qd2 ({RR} 9. Bd3 Bxd3 10. Qxd3 O-O) 9... h5 ({RR} 9... Ne4 10. Nxe4 Bxe4 11. f3 ({RR} 11. Ne2 Bd6 12. f3 Bf5 13. O-O-O) 11... Bf5 12. O-O-O a5) ({RR} 9... O-O 10. g4 Be6 11. Bd3 c5 12. Nge2) 10. Bd3 Bxd3 11. Qxd3 Nbd7 ({RR} 11... Bd6 12. Nf3) 12. Nge2 a5 ({RR} 12... O-O 13. O-O-O ({RR} 13. O-O Re8 14. f3)) 13. O-O O-O 14. f3 b5 ({RR} 14... Re8 15. e4 Nf8) ({RR} 14... h4 15. e4 Nb6) 15. e4 dxe4 16. fxe4 Nc5 17. Qf3 ({RR} 17. Qe3 Ne6 18. Bh6 Re8 19. Rad1) 17... Ne6 ({RR} 17... b4 18. e5 ({RR} 18. dxc5 bxc3 ({RR} 18... Bxc5+ 19. Kh1 bxc3 20. Bg5 ({RR} 20. Rad1 Nd7 21. Qxc3)) 19. Rad1 Qe8 20. Nxc3 Bxc5+ 21. Kh1) 18... Nh7 19. dxc5) 18. Be3 ({RR} 18. Rad1 Nxf4 19. Nxf4) 18... b4 ({RR} 18... Nh7 19. e5 ({RR} 19. Bf2) 19... Rc8) 19. Nb1 ({RR} 19. Na4) 19... Nh7 20. Nd2 Rc8 ({RR} 20... Nhg5 21. Qg3 ({RR} 21. Qf2 f5) 21... Nh7 22. Nc4 ({RR} 22. Qf2 Bh4 23. g3 Bg5 24. Rac1) 22... Bh4 23. Qf3 Nhg5 24. Bxg5 Bxg5 25. Rad1) ({RR} 20... f5 21. exf5 Rxf5 22. Qxc6) ({RR} 20... Bh4) 21. Rad1 Bh4 22. g3 {Carlsen,M (2835)-Aronian,L (2805) Wijk aan Zee 2012 CBM 147 [Stohl,Igor] 1-0 (68)} {RR} Bg5 23. Nc4 Bxe3+ ({RR} 23... h4) 24. Qxe3 Qg5) ({RR} 7... Na6 8. e3 Nb4 9. Qb1 g6 10. g4 h5 11. a3 Na6 12. Bxa6 bxa6 13. g5 Nh7 14. Be5 O-O 15. f4 Bf5 16. Qa2 f6 17. gxf6 Nxf6 18. Nge2 Ne4 19. Nxe4 Bxe4 20. Rg1 Qd7) ({RR} 7... O-O 8. e3 Nbd7 ({RR} 8... Bd6 9. Bxd6 Qxd6 10. Bd3 Be6 11. Nge2 Re8 12. g4 g6 13. Ng3 Na6 14. Bxa6 bxa6 15. g5 Nd7 16. Kf1 c5 17. Rd1 f5 18. Nge2 c4 19. Nf4 Bf7 20. h4 Nb6 21. Kg2 Rab8 22. Rh3 Qe7 23. Rdh1) 9. Nf3 Re8 ({RR} 9... g6 10. Bd3 Nh5 11. Bh2 Ng7 12. O-O Nb6) 10. Bd3 Nf8 11. O-O Ne6 12. Bh2 g6 13. Rab1 Ng7 14. b4 a6 15. Na4 Bf5 16. Nc5 Bxd3 17. Qxd3 Ra7 18. a4 Nf5 19. Rfc1 Ne4 20. Nxe4 dxe4 21. Qxe4 Bxb4 22. Qd3) ({RR} 7... Be6 8. e3 Nbd7 9. Nf3 h6 10. Bd3 Rc8 11. Bh2 a6 12. O-O O-O 13. a3 a5 14. Rae1 c5 15. Qd2 c4 16. Bb1 Re8 17. Ne5 Nxe5 18. dxe5 Nh7 19. Rd1 Rc5 20. f4 f5 21. g4) ({RR} 7... Nbd7 8. e3 Nf8 9. Nf3 Ne6 10. Bh2 O-O 11. Bd3 c5 12. dxc5 Nxc5 13. O-O Be6 14. Rad1 Rc8 15. Qb1 Qb6 16. Rd2 Nxd3 17. Qxd3 Bb4 18. Be5 Ne4 19. Rc2 Bxc3 20. Bxc3 Nxc3 21. bxc3 Bd7 22. Nd4 {Alonso Vargas,D (2157)-Castellanos Gomez,A (2298) Benasque ESP 2026 0-1 (64)}) 8. Nf3 ({RR} 8. e3 Ne4 9. a3 Bf5 10. Bd3 Na6 11. Rc1 Nxc3 12. Qxc3 Qxc3+ 13. Rxc3 Bxd3 14. Rxd3 O-O-O 15. Nf3 Nc7 16. Ke2 Bd6 17. Bxd6 Rxd6 18. Ne5 Rf8 19. Rc3 Nb5 20. Rc2 Re6 21. Kf3 Nd6) 8... Ne4 9. Bd2 $146 ({RR} 9. Nd2 Nd6 10. Bxd6 Bxd6 11. e4 dxe4 12. Qxe4+ Be6 13. Nc4 Qd8 14. Bd3 Be7 15. O-O Nd7 16. Rad1 Nf6 17. Qe3 O-O 18. Ne5 Nd5 19. Nxd5 Bxd5 20. b3 Re8 21. Qd2 Bf8 22. Rfe1 a5 23. Qc2 g6 {Nechaeva,M (2365)-Mkrtchian,L (2456) Eilat 2012 ½-½ (51)}) ({RR} 9. Nd2 Nxd2 10. Qxd2 O-O 11. e3 Be6 12. Bd3 c5 13. dxc5 Nc6 14. O-O Qxc5 15. Nb5 Rac8 16. Nc7 Bf6 17. Nxe6 fxe6 18. Rac1 Qb4 19. Qc2 h6 20. Qe2 e5 21. a3 Qb6 22. Bg3 e4 23. Bb5 a6 {Lupulescu,C (2616)-Goganov,A (2517) Plovdiv 2012 1-0 (65)}) ({RR} 9. Nd2 Nxd2 10. Qxd2 Be6 11. e3 Nd7 12. Bd3 O-O 13. O-O Qd8 14. f3 c5 15. dxc5 Nxc5 16. Bc2 Rc8 17. Rad1 Qb6 18. Be5 Rfd8 19. Bd4 Qc6 20. Rc1 Qe8 21. Ne2 f6 22. Nf4 Bf7 23. Bf5 Rc6 {Babujian,L (2482)-Aghasaryan,R (2502) Jermuk 2014 ½-½ (47)}) 9... Nxd2 10. Nxd2 g6 11. e3 Bf5 12. Bd3 Bxd3 13. Qxd3 Qd8 14. O-O Nd7 15. Rfc1 O-O 16. Rab1 a5 17. Na4 Nb6 18. Nxb6 Qxb6 19. Nb3 a4 1/2-1/2

[Event "ARM-ch 71st"]
[Site "Yerevan"]
[Date "2011.01.25"]
[Round "7"]
[White "Melkumyan, Hrant"]
[Black "Pashikian, Arman"]
[Result "0-1"]
[WhiteElo "2617"]
[BlackElo "2640"]
[PlyCount "140"]
[EventDate "2011.01.10"]
[EventType "tourn"]
[EventRounds "11"]
[EventCountry "ARM"]
[EventCategory "13"]
[SourceTitle "CBM 141"]
[Source "ChessBase"]
[SourceDate "2011.03.17"]
[SourceVersion "1"]
[SourceVersionDate "2011.03.17"]
[SourceQuality "1"]

1. d4 d5 2. c4 e6 3. Nc3 c6 4. Qb3 dxc4 5. Qxc4 b5 6. Qd3 a6 7. Nf3 Bb7 8. Bg5 Nf6 $146 ({RR} 8... Be7 9. Bxe7 Qxe7 10. e4 c5 11. d5 c4 12. Qd4 exd5 13. Nxd5 Bxd5 14. Qxd5 Ra7 15. O-O-O Rd7 16. Qg5 Rxd1+ 17. Kxd1 Qxg5 18. Nxg5 Nf6 19. f3 Nc6 20. Kd2 Ke7 21. Kc3 h6 22. Nh3 Rd8 23. Be2 {Blocker,C (2380)-Savage,A (2295) Washington DC 1998 ½-½ (48)}) 9. e4 h6 10. Bh4 g5 11. Bg3 c5 12. dxc5 Qxd3 13. Bxd3 Bxc5 14. e5 Nh5 15. Be4 Bxe4 16. Nxe4 Bb4+ 17. Ke2 Nd7 18. Nd4 O-O 19. Nc6 Rfc8 20. Rac1 Bf8 21. Rhd1 Nc5 22. Nxc5 Rxc6 23. Ne4 Rxc1 24. Rxc1 Rd8 25. Rc6 Bg7 26. Rxa6 Nxg3+ 27. hxg3 Bxe5 28. Rb6 Rd5 29. b3 f5 30. Nd2 Bc3 31. Nb1 Re5+ 32. Kd3 Be1 33. f4 Rd5+ 34. Ke2 Bxg3 35. fxg5 hxg5 36. Rxe6 Bf4 37. Rb6 Re5+ 38. Kd1 Rc5 39. Na3 Rc1+ 40. Ke2 Ra1 41. Nxb5 Rxa2+ 42. Kd3 Rd2+ 43. Kc4 Kf7 44. Nd4 Be3 45. Rb7+ Kg6 46. Nf3 Rxg2 47. Ne5+ Kf6 48. Nd7+ Ke6 49. Nf8+ Ke5 50. Kd3 Bg1 51. Rb5+ Kf4 52. Ng6+ Kg4 53. Ne5+ Kh5 54. Nf3 Kg6 55. Ne5+ Kg7 56. Nf3 Kf6 57. Rb8 Ke6 58. Re8+ Kf7 59. Re5 Kf6 60. Re8 Bc5 61. Rc8 Bd6 62. Rd8 Be7 63. Ra8 Rf2 64. Ra6+ Kg7 65. Nd4 g4 66. Ke3 g3 67. Ra7 Kf6 68. Ra6+ Kf7 69. Ra5 f4+ 70. Ke4 g2 0-1

[Event "Bundesliga 1011"]
[Site "Germany"]
[Date "2011.04.09"]
[Round "14.4"]
[White "Bacrot, Etienne"]
[Black "Fressinet, Laurent"]
[Result "1/2-1/2"]
[WhiteElo "2716"]
[BlackElo "2718"]
[PlyCount "50"]
[EventDate "2010.10.09"]
[EventType "team-tourn"]
[EventRounds "15"]
[EventCountry "GER"]
[SourceTitle "EXT 2012"]
[Source "ChessBase"]
[SourceDate "2011.11.24"]
[SourceVersion "1"]
[SourceVersionDate "2011.11.24"]
[SourceQuality "1"]
[WhiteTeam "Baden-Baden"]
[BlackTeam "Werder Bremen"]
[WhiteTeamCountry "GER"]
[BlackTeamCountry "GER"]

1. d4 d5 2. c4 e6 3. Nc3 Be7 4. cxd5 exd5 5. Bf4 c6 6. e3 Bd6 7. Bxd6 Qxd6 8. Bd3 Ne7 9. Qb1 ({RR} 9. Qc2 b6 10. e4 dxe4 11. Nxe4 Qb4+ 12. Nd2 Ba6 13. Ngf3 Bxd3 14. Qxd3 Nd7 15. O-O O-O 16. Ne4 Qa5 17. Rfe1 Qd5 18. Nc3 Qd6 19. Ne4 Qd5 20. Rad1 Ng6 21. Nc3 Qd6 22. d5 Nf6 23. Ne4 Nxe4 {Svidler,P (2747)-Jakovenko,D (2734) Loo 2013 ½-½ (38)}) ({RR} 9. Qc2 g6 10. h4 Bf5 11. h5 Na6 12. Bxf5 Nxf5 13. hxg6 fxg6 14. O-O-O O-O 15. g4 Ng7 16. Nh3 Qe7 17. Nf4 Qg5 18. f3 Ne6 19. Nce2 Rae8 20. Rde1 c5 21. Qd2 c4 22. Kb1 Nec7 23. Ka1 b5 {Narayanan,S (2622)-Neelash,S (2460) Tashkent UZB 2025 1-0 (50)}) 9... g6 10. b4 Bf5 11. b5 O-O $146 ({RR} 11... Bxd3 12. Qxd3 Nd7 13. Nge2 O-O 14. O-O c5 15. dxc5 Nxc5 16. Qd4 Ne6 17. Qf6 Rfd8 18. Rad1 Nc7 19. Qf3 Qc5 20. Rb1 b6 21. Rfd1 a6 22. bxa6 Rxa6 23. h4 b5 24. Ne4 Qb6 25. h5 Rf8 26. N4c3 {Hultin,J (2333)-Svenn,M (2184) Sweden 2014 1-0 (62)}) 12. Bxf5 Nxf5 13. Nge2 Nd7 14. O-O Nf6 15. h3 c5 16. dxc5 Qxc5 17. Rd1 Rfd8 18. Rd3 Ne4 19. Qb2 Rd6 20. Rc1 Qc4 21. Qb1 Nc5 22. Rdd1 d4 23. exd4 Nxd4 24. Ng3 Rad8 25. Kh1 Qe6 1/2-1/2

[Event "Saint Louis m1"]
[Site "Saint Louis"]
[Date "2011.05.20"]
[Round "4"]
[White "Nakamura, Hikaru"]
[Black "Ponomariov, Ruslan"]
[Result "1/2-1/2"]
[WhiteElo "2774"]
[BlackElo "2754"]
[PlyCount "101"]
[EventDate "2011.05.16"]
[EventType "match"]
[EventRounds "6"]
[EventCountry "USA"]
[SourceTitle "CBM 143"]
[Source "ChessBase"]
[SourceDate "2011.07.15"]
[SourceVersion "1"]
[SourceVersionDate "2011.07.15"]
[SourceQuality "1"]

1. d4 d5 2. c4 e6 3. Nc3 Be7 4. cxd5 exd5 5. Bf4 c6 6. e3 Bf5 7. Bd3 Bxd3 8. Qxd3 Nf6 9. Nge2 Nh5 ({RR} 9... O-O 10. h3 Re8 11. O-O Bd6 12. Bg5 Nbd7 13. f3 h6 14. Bh4 Qe7 15. Bf2 Rad8 16. Rae1 Bb8 17. Kh1 Nf8 18. Ng3 Qc7 19. e4 dxe4 20. fxe4 Ng6 21. Qc4 b5 22. Qc5 Nf4 23. Qf5 Nd3 24. e5 {Fedoseev,V (2676)-Postny,E (2549) Chartres FRA 2023 ½-½ (50)}) ({RR} 9... O-O 10. Ng3 Re8 11. O-O Nbd7 12. h3 Nf8 13. Nf5 Ne6 14. Nxe7+ Qxe7 15. Bh2 a5 16. Rac1 h6 17. Rfe1 Rad8 18. Red1 Ng5 19. Be5 Nd7 20. Bf4 Ne6 21. Bg3 Nb6 22. Rc2 Rd7 23. Ne2 Ra8 24. f3 {Wang,J (1944)-Cheng,G (2005) Xinghua CHN 2026 0-1 (85)}) 10. Bxb8 $146 ({RR} 10. Be5 Nd7 11. g4 Nhf6 12. h3 Nxe5 13. dxe5 Nd7 14. f4 Bh4+ 15. Kf1 f6 16. exf6 Qxf6 17. Kg2 O-O 18. Rhf1 Rae8 19. b4 Qe7 20. Rf3 Qxb4 21. Rb1 Qd6 22. Nd4 Qf6 23. g5 Qd6 24. Qc2 Nc5 {Ben Artzi,I (2339)-Tang,A (2548) chess.com INT 2025 0-1 (43)}) ({RR} 10. Be5 Nd7 11. g4 Nhf6 12. Bxf6 Nxf6 13. f3 Qb6 14. O-O-O O-O-O 15. Kb1 Ne8 16. e4 dxe4 17. fxe4 Bf6 18. e5 Be7 19. d5 cxd5 20. Nxd5 Qe6 21. Nef4 Qd7 22. Qc4+ Kb8 23. Nxe7 Qxe7 24. Rxd8+ Qxd8 {David,A (2331)-Velychko,S (1869) Eforie Nord ROU 2025 1-0 (62)}) 10... Rxb8 11. f3 O-O 12. O-O f5 13. a3 a6 14. b4 Qd7 15. Rae1 Rbe8 16. Nc1 a5 17. bxa5 Bxa3 18. Nxd5 Bxc1 19. Nb6 Qe6 20. Rxc1 Qxe3+ 21. Qxe3 Rxe3 22. d5 cxd5 23. Nxd5 Re5 24. Rfd1 Nf6 25. Nxf6+ gxf6 26. Rd7 Rf7 27. Rcc7 Rxd7 28. Rxd7 Rxa5 29. Rxb7 Ra1+ 30. Kf2 Ra2+ 31. Kg3 f4+ 32. Kxf4 Rxg2 33. h4 Rh2 34. Kg4 Rh1 35. f4 Rh2 36. Rc7 Rh1 37. Ra7 Rh2 38. Ra1 Kg7 39. Ra5 Rh1 40. Ra2 Kg6 41. f5+ Kh6 42. Ra6 Rg1+ 43. Kf4 Rf1+ 44. Kg4 Rg1+ 45. Kh3 Kg7 46. Ra7+ Kg8 47. Ra8+ Kf7 48. Ra7+ Kg8 49. Ra8+ Kg7 50. Ra7+ Kg8 51. Ra8+ 1/2-1/2

[Event "Washington College final"]
[Site "Washington DC"]
[Date "2011.04.02"]
[Round "2"]
[White "Gareyev, Timur"]
[Black "Erenburg, Sergey"]
[Result "1/2-1/2"]
[WhiteElo "2613"]
[BlackElo "2616"]
[PlyCount "58"]
[EventDate "2011.04.02"]
[EventType "team-tourn"]
[EventRounds "3"]
[EventCountry "USA"]
[SourceTitle "CBM 141 Extra"]
[Source "ChessBase"]
[SourceDate "2011.05.03"]
[SourceVersion "1"]
[SourceVersionDate "2011.05.03"]
[SourceQuality "1"]
[WhiteTeam "UTB"]
[BlackTeam "UMBC"]
[WhiteTeamCountry "USA"]
[BlackTeamCountry "USA"]

1. d4 {Postny,Evgeny} d5 2. c4 c6 3. Nc3 Nf6 4. e3 e6 5. b3 Nbd7 ({RR} 5... Bb4 6. Bb2 O-O 7. a3 Bd6 8. Nf3 Nbd7 9. Be2 b6 10. O-O Bb7 11. b4 Qe7 12. Qc2 dxc4 13. Bxc4 c5) 6. Bb2 b6 ({RR} 6... Bd6 7. Bd3 O-O 8. Nge2 ({RR} 8. Nf3) 8... b6 ({RR} 8... e5 9. cxd5 cxd5 10. dxe5 Nxe5 11. Bc2) 9. O-O Bb7 10. Ng3 ({RR} 10. e4 dxe4 11. Nxe4 Nxe4 12. Bxe4 Bxh2+ 13. Kxh2 Qh4+ 14. Kg1 Qxe4) 10... c5 11. Nb5 ({RR} 11. cxd5 cxd4 ({RR} 11... Nxd5 12. Nxd5 Bxd5 13. e4 Bb7 14. e5 Bc7 15. f4) ({RR} 11... Nxd5 12. Nxd5 Bxd5 13. dxc5 Nxc5 14. Qg4 g6 ({RR} 14... f6 15. Bc2) 15. Bc4 Bxc4 16. Qxc4) 12. Nce4 Bxg3 ({RR} 12... Nxe4 13. Nxe4) 13. fxg3 ({RR} 13. Nxg3 dxe3 14. dxe6 exf2+ 15. Rxf2 fxe6 16. Qe2) ({RR} 13. fxg3 Nxd5 14. Nd6 Qc7 ({RR} 14... Nxe3 15. Bxh7+ Kxh7 16. Qxd4) 15. Nxb7 Qxb7 16. exd4 N7f6) 13... Nxd5 ({RR} 13... Nxe4 14. Bxe4 f5 15. Bf3 e5 16. exd4 e4 17. Be2 Bxd5) 14. Nd6 Nxe3 15. Bxh7+ Kxh7 16. Qxd4 Nf6 17. Qh4+ Kg6 18. Bxf6 gxf6 19. Nxb7 Qe7 20. Qe4+ f5 21. Qxe3 Qxb7 22. Rf4) 11... Be7 12. Qe2 cxd4 13. exd4 Nb8 14. Qe3 ({RR} 14. Nh5 Nxh5 15. Qxh5 g6 16. Qh3 Nc6) 14... Nc6 15. Rac1 Rc8 16. Rfd1 Re8 17. Bf1 Bf8 18. h3 Qd7 19. Be2 Red8 20. Bf1 a6 21. Nc3 {Eljanov,P (2751)-Leko,P (2735) Astrakhan 2010 CBM 137 [Postny,Evgeny] 1-0 (43)} {RR} dxc4 22. bxc4 Nxd4 23. Nce4 ({RR} 23. Nb5 axb5 24. Rxd4 Qe8 25. Rxd8 Qxd8 26. cxb5 Bc5) 23... Nxe4 24. Rxd4 Bc5 25. Rcd1 ({RR} 25. Rxd7 Bxe3 26. Rxd8+ Rxd8 27. fxe3 Nxg3) 25... Nxf2 ({RR} 25... Nd6 26. Nh5 Qe7 27. Nxg7 Ne4 28. Nh5 Bxd4 29. Rxd4 Rxd4 30. Qxd4 e5 31. Qxb6) 26. Qxf2 Qc7 27. Kh2 Rd6 28. Qe2 Bxd4 29. Rxd4 Rxd4 30. Bxd4 b5) 7. Nf3 ({RR} 7. Bd3 Bb7 8. Nge2 Be7 ({RR} 8... Bd6 9. O-O O-O 10. Ng3 c5 11. cxd5 cxd4 12. Nce4 Bxg3 13. Nxg3 dxe3 ({RR} 13... Nxd5 14. Bxd4) 14. dxe6 exf2+ 15. Rxf2 fxe6 16. Qe2 Nc5 17. Bc2 Ba6 18. Qe1 Qe8 ({RR} 18... Nd5 19. Rxf8+ ({RR} 19. Rd1 Rxf2 20. Qxf2 Qg5) ({RR} 19. b4 Rxf2 20. Kxf2 Nxb4 21. Qxb4 Qd3) 19... Qxf8 20. b4 Nd3 21. Qxe6+ Qf7 22. Qxf7+ Kxf7 23. Rf1+ Ke6) 19. Rd1 Rc8 ({RR} 19... Rd8 20. Rxd8 Qxd8 21. b4 Nd3 22. Qxe6+ Kh8 23. Rd2 Qc8 24. Qxc8 Rxc8 25. Bxf6 gxf6 26. Nh5 ({RR} 26. Bxd3 Rd8)) 20. b4 Nb7 21. Ne4 ({RR} 21. a4) 21... Nd5 ({RR} 21... Nh5 22. Rxf8+ Qxf8 23. Bb1 Qe7 24. Ng5) ({RR} 21... Qe7 22. Nxf6+ gxf6 23. Qe4 e5 24. b5 Bxb5 25. Qd5+) 22. Rxf8+ Qxf8 23. Bb1 ({RR} 23. Bb3)) 9. O-O O-O 10. Ng3 Re8 ({RR} 10... c5 11. cxd5 cxd4 12. Nb5 ({RR} 12. Nce4 Nxe4 13. Bxe4 Nf6 14. d6 Bxe4 15. dxe7 Qxe7 16. Nxe4 Nxe4 17. Qxd4 Qf6 18. Qxf6 Nxf6 19. Rfd1 Rfd8 20. f3 Rac8 21. e4 h5 22. Be5 Nd7 23. Bd6 Nf8 24. Rd2 e5 25. Rad1) 12... Nxd5 13. Nxd4 N7f6 ({RR} 13... N5f6 14. Be2 Rc8 15. Nb5 Ra8 16. Bf3 Nc5 17. Bxb7 Qxd1 18. Rfxd1 Nxb7 19. Rac1 Nc5 20. Kf1 Rfd8 21. Ke2 Rxd1 22. Rxd1 Kf8 23. f3 a6 24. Nd4 Nd5 25. Nc6) 14. a3 Rc8 15. Qd2 Bd6 16. Rfe1 Ng4 17. h3 Ne5 18. Bc2 Ng6 19. Be4 Qe7 20. Nb5 Bb8 21. Rac1 Qh4 22. Bxg6 hxg6 23. Rxc8 Rxc8 24. e4 Nf4 25. Nd6) ({RR} 10... dxc4 11. bxc4 c5 12. d5 Ne5 13. Be2 exd5 14. cxd5 Ng6 15. Nf5 Nxd5 16. Nxd5 Qxd5 17. Qxd5 Bxd5 18. Bxg7 Rfd8 19. Nxe7+ Nxe7 20. Bf6 Kf8 21. Rfd1 Bc6 22. Rac1 h6 23. h4 Ba4 24. Rxd8+ Rxd8 25. Rc4) 11. Qc2 c5 12. cxd5 exd5 13. dxc5 bxc5 14. Rad1 Qb6 15. Bb5 Red8 16. Bxd7 Rxd7 17. Na4 Qc6 18. Bxf6 Bxf6 19. Qxc5 d4 20. Qxc6 Bxc6 21. Nc5 Rd5 {Visakh,N (2552)-Vedmediuc,S (2425) Annemasse FRA 2025 1-0 (45)}) 7... Bb7 8. Bd3 Be7 9. cxd5 $146 ({RR} 9. O-O Qc7 10. Rc1 O-O 11. Qe2 Rad8 12. cxd5 exd5 13. Ba3 Bxa3 14. Nb5 Qb8 15. Nxa3 Qd6 16. Qb2 Rfe8 17. Nc2 a5 18. Rfd1 Ra8 19. a4 Ne4 20. Nce1 Re6 21. Bf1 Ree8 22. g3 f6 23. Rc2 Rec8 {Rustemov,A (2570)-Galkin,A (2540) St Petersburg 1998 ½-½ (41)}) 9... cxd5 10. Ne5 Rc8 11. O-O O-O 12. f4 g6 13. Qe2 Ne4 14. Nxe4 dxe4 15. Bb5 Nf6 16. Rac1 Qd6 17. Rc4 Bd5 18. g4 Bxc4 19. bxc4 a6 20. Bxa6 Ra8 21. g5 Nh5 22. Ng4 Rfb8 23. Nh6+ Kf8 24. d5 Rxa6 25. Be5 Qd8 26. c5 Rba8 27. d6 bxc5 28. dxe7+ Qxe7 29. Rb1 Qd7 1/2-1/2

[Event "Kharkov Rector Cup Champions m 11th"]
[Site "Kharkov"]
[Date "2009.03.28"]
[Round "3"]
[White "Eljanov, Pavel"]
[Black "Ponomariov, Ruslan"]
[Result "1/2-1/2"]
[WhiteElo "2693"]
[BlackElo "2726"]
[PlyCount "110"]
[EventDate "2009.03.26"]
[EventType "team-tourn"]
[EventRounds "4"]
[EventCountry "UKR"]
[SourceTitle "CBM 129 Extra"]
[Source "ChessBase"]
[SourceDate "2009.05.05"]
[SourceVersion "2"]
[SourceVersionDate "2009.05.20"]
[SourceQuality "1"]

1. d4 e6 2. c4 d5 3. Nf3 a6 4. cxd5 exd5 5. Nc3 c6 6. Qb3 Nf6 7. Bg5 Be7 8. e3 O-O 9. Bd3 Nbd7 10. O-O Re8 11. Rae1 ({RR} 11. Rac1 Ne4 12. Bf4 Nxc3 13. bxc3 b5 14. e4 Bb7 15. exd5 cxd5 16. a4 Bc6 17. axb5 axb5 18. Qb1 Nf6 19. Ne5 Qc7 20. Bg3 {1-0 (20) Gledura,B (2624)-Sadhwani,R (2642) Khanty-Mansiysk RUS 2026}) 11... Nf8 $146 ({RR} 11... Ne4 12. Bf4 Ndf6 13. Ne5 Nd2 14. Qc2 Nxf1 15. Rxf1 h6 16. h3 Bd6 17. Bg3 Qe7 18. f4 c5 19. Bh4 cxd4 20. exd4 Qc7 21. Bxf6 gxf6 22. Nxd5 Qd8 23. Bh7+ Kf8 24. Nxf7 Qd7 25. Bg6 Qe6 26. Nxd6 {Yuffa,D (2604)-Roubert,E (2013) Asnieres-sur-Seine FRA 2023 1-0 (54)}) ({RR} 11... Ne4 12. Bf4 Ndf6 13. Ne5 Nd2 14. Qc2 Nxf1 15. Rxf1 h6 16. h3 Bd6 17. Bg3 Qe7 18. f4 c5 19. Bh4 cxd4 20. exd4 Qc7 21. Bxf6 gxf6 22. Nxd5 Qd8 23. Bh7+ Kf8 24. Nxf7 Qd7 25. Bg6 Qe6 26. Nxd6 {Yuffa,D (2604)-Roubert,E (2013) Asnieres-sur-Seine FRA 2023 1-0 (54)}) 12. Bxf6 Bxf6 13. e4 dxe4 14. Nxe4 Ne6 15. Nxf6+ Qxf6 16. Re5 Rf8 17. Rfe1 g6 18. Qb4 a5 19. Qa3 Bd7 20. Bc4 Kg7 21. h3 b5 22. Bf1 Rfd8 23. R1e4 Be8 24. Qe3 Rd6 25. h4 h5 26. Ng5 Bd7 27. Qg3 Nxd4 28. Rf4 Nf5 29. Rexf5 Bxf5 30. Rxf5 gxf5 31. Ne4+ Qg6 32. Nxd6 Qxg3 33. Nxf5+ Kg6 34. Nxg3 Rd8 35. Be2 Rd2 36. Bxh5+ Kg7 37. Bf3 c5 38. h5 Rxb2 39. Nf5+ Kf6 40. h6 Rd2 41. h7 Rd8 42. Nd6 b4 43. Nb7 Rh8 44. Be4 Ke5 45. Bc2 f5 46. Nxa5 Rxh7 47. Bb3 f4 48. Kf1 Rg7 49. Nc4+ Kd4 50. Ke2 Rxg2 51. Kf3 Rh2 52. Nd6 Ke5 53. Nc4+ Kd4 54. Na5 Kc3 55. Nc4 Kd4 1/2-1/2

[Event "Mitropa Cup 28th"]
[Site "Rogaska Slatina"]
[Date "2009.05.11"]
[Round "3"]
[White "Gustafsson, Jan"]
[Black "Pavasovic, Dusko"]
[Result "1/2-1/2"]
[WhiteElo "2631"]
[BlackElo "2607"]
[PlyCount "97"]
[EventDate "2009.05.09"]
[EventType "team-tourn"]
[EventRounds "9"]
[EventCountry "SLO"]
[SourceTitle "CBM 130 Extra"]
[Source "ChessBase"]
[SourceDate "2009.07.02"]
[SourceVersion "2"]
[SourceVersionDate "2009.07.15"]
[SourceQuality "1"]
[WhiteTeam "Germany"]
[BlackTeam "Slovenia"]
[WhiteTeamCountry "GER"]
[BlackTeamCountry "SLO"]

1. d4 d5 2. c4 e6 3. Nc3 c6 4. e4 dxe4 5. Nxe4 Bb4+ 6. Bd2 Qxd4 7. Bxb4 Qxe4+ 8. Be2 Na6 9. Bd6 Qxg2 10. Qd2 Nf6 11. Bf3 Qg6 12. O-O-O e5 13. Bxe5 Be6 14. Ne2 Qf5 15. Bf4 Qc5 16. b3 Nd5 17. Be5 O-O-O 18. Bd4 Qa3+ 19. Qb2 Qxb2+ 20. Kxb2 Nf6 21. Bxa7 Rxd1 $146 ({RR} 21... c5 22. Bb6 Rxd1 23. Rxd1 Ng4 24. Bxg4 Bxg4 25. Rd2 Bxe2 26. Rxe2 Kd7 27. a3 Re8 28. Rxe8 Kxe8 29. Kc3 Kd7 30. Kd3 Kd6 31. Ke4 Nb8 32. Ba5 Nd7 33. Bc3 f6 34. h4 g6 35. Bd2 Ke6 36. Be3 {Postlmayer,J (2422)-Filindash,N (2134) Olomouc 2025 ½-½ (56)}) ({RR} 21... Bg4 22. Bxg4+ Nxg4 23. Bb6 Rxd1 24. Rxd1 g6 25. Nc3 f5 26. h3 Ne5 27. Na4 Re8 28. Kc3 Nd7 29. Be3 b5 30. cxb5 cxb5 31. Rd6 Nc7 32. Nb6+ Nxb6 33. Bxb6 Re2 34. a3 Kb7 35. Be3 f4 36. Bd4 {Reckless 0.10.0-dev-9057bc13 (3749)-Stoofvlees II d9 (3541) tcec-chess.com INT 2026 ½-½ (36)}) ({RR} 21... c5 22. Bb6 Rxd1 23. Rxd1 Ng4 24. Bxg4 Bxg4 25. Rd2 Bxe2 26. Rxe2 Kd7 27. a3 Re8 28. Rxe8 Kxe8 29. Kc3 Kd7 30. Kd3 Kd6 31. Ke4 Nb8 32. Ba5 Nd7 33. Bc3 f6 34. h4 g6 35. Bd2 Ke6 36. Be3 {Postlmayer,J (2422)-Filindash,N (2134) Olomouc CZE 2025 ½-½ (56)}) 22. Rxd1 Re8 23. Rg1 g6 24. Bd4 Nd7 25. Ng3 Nac5 26. Kc3 f5 27. Re1 Bf7 28. Rxe8+ Bxe8 29. h4 Ne6 30. Bh8 Kc7 31. Ne2 Bf7 32. Nd4 Nec5 33. Kd2 Kd6 34. Bg7 Ke7 35. Be2 Nf6 36. f3 Ne6 37. Nxe6 Kxe6 38. b4 Ne8 39. Bd4 Nd6 40. a4 f4 41. a5 Nf5 42. Bf2 Kd7 43. Kd3 h6 44. Bd1 g5 45. hxg5 hxg5 46. Be2 Bg6 47. Kd2 Bf7 48. Kd3 Be6 49. Ke4 1/2-1/2